000 00956nam a2200241Ia 4500
003 OSt
005 20220923220955.0
006 a|||||r|||| 00| 0
007 ta
008 220922b |||||||| |||| 00| 0 hin d
024 _a193,076
037 _cTextual
040 _aARTS
_cARTS
_bhin
041 _2hin
_ahin
082 _aV2:1958,(Y:1)'N5, 152K9
100 _aकोलोकोलोव, जी. एल.
245 0 _aसोवियत संघ में भारत का अध्ययन
_b एफलताएॅ और प्रगति के करण
246 _aSoviyat sangha mean bhārat kā adhyayana: efalatāeॅ aur pragati ke karaṇa
260 _aनयी दिल्ली
_b सोवियत भूमि पुस्तिका
_c1969
300 _a124पृ.
_ccm.
942 _hV2:1958,(Y:1)'N5, 152K9
_cTEXL
_2CC
999 _c345577
_d345577